000 00798nam a22002177a 4500
999 _c168361
_d168361
005 20191005130631.0
010 _aB-506586-587
020 _a9788131755433
_c425.00
035 _aB-506586-587
037 _aKKP/Ven
082 _a541
100 _aSinghal, Atul
245 _aThe pearson guide to physical chemistry for the AIPMT /
_bby Atul Singhal
246 _aphysical chemistry for the AIPMT
260 _aDelhi
_bPearson Education
_c20?
270 _a7th Floor, Knowledge Boulevard, A-8(A), Sec-62
_bNoida
_e201309
300 _aVarious pages
_c25 cm (pbk)
500 _a.
942 _2ddc
_cEN
_mSIN
_h541